Physiology of tropical crop production (Record no. 40207)
[ view plain ]
| 000 -LEADER | |
|---|---|
| fixed length control field | 00382nam a2200145Ia 4500 |
| 082 ## - DEWEY DECIMAL CLASSIFICATION NUMBER | |
| Classification number | 633(213.5) |
| Item number | SQU |
| 100 ## - MAIN ENTRY--AUTHOR NAME | |
| Personal name | Squire, G R |
| 245 #0 - TITLE STATEMENT | |
| Title | Physiology of tropical crop production |
| 260 ## - PUBLICATION, DISTRIBUTION, ETC. (IMPRINT) | |
| Name of publisher | CAB |
| Year of publication | 1990 |
| 650 ## - SUBJECT ADDED ENTRY--TOPICAL TERM | |
| Topical Term | Leaf canopy |
| 650 ## - SUBJECT ADDED ENTRY--TOPICAL TERM | |
| Topical Term | Solar radiation interception |
| 650 ## - SUBJECT ADDED ENTRY--TOPICAL TERM | |
| Topical Term | Tropical crop physiology |
| 942 ## - ADDED ENTRY ELEMENTS (KOHA) | |
| Koha item type | Books |
| Withdrawn status | Lost status | Damaged status | Not for loan | Home library | Current library | Date acquired | Cost, normal purchase price | Full call number | Accession Number | Koha item type |
|---|---|---|---|---|---|---|---|---|---|---|
| RRII Library | RRII Library | 16/12/2021 | 707.26 | 633(213.5) SQU | 20514 | Books |